000 00817nam a22002417a 4500
005 20170524142911.0
008 100204t xxu||||| |||| 00| 0 eng d
010 _aB-365585
020 _a8178553082
_c250.00
035 _aB-365585
037 _aUBH
_bRP/CL.E;24/99/18-01-10/20-01-10/25-01-10
040 _adpl
_bEng
082 _a612
100 _aJain, A. K
245 _aAnatomy and physiology for nurses /
_cby A.K.Jain ; anatomy part revised by R.K. Suri
260 _aNew Delhi
_bArya Publications
_c2009(repr.)
270 _a1569/30 Naiwala Karol Bagh
_bNew Delhi
_e110005
300 _a295p. :
_c24cm(pbk)
_bill.
500 _aIncludes index
700 _aSuri, R.K.
942 _2ddc
_cEN
_h612
_mJAI
999 _c33697
_d33697